LEADER 01208nam a2200265 i 4500 001 000000152982 003 CaOOAMICUS 005 20100520000000.0 008 100520s1980 xxk u000 u eng u 013 $a130323 020 $a0-19-920112-9 040 $aSeMil$bita 245 14$aThe Oxford Movement, July 1833 to December 1834 /$cedited at the Birmingham Oratory ; with notes and an introduction by Ian Ker and Thomas Gornall. 260 $aOxford :$bClarendon Press,$c1980. 300 $aXV, 412 p. ;$c25 cm. 700 1 $aBirmingham Oratory.$0(OLS)http://semarc/name/1502 700 1 $aGornall, Thomas .$0(OLS)http://semarc/name/1504 700 1 $aKer, Ian <1942- >.$0(OLS)http://semarc/name/1503 773 0 $tLetters and diaries of John Henry Newman.$dOxford : Clarendon Press, 1962.$gVol.4$w()1655 850 $aSeMil 852 $aSeMil$W1$xVenegono$y1$m2X V 214$j104926$B104926$CSeMilBibl$Z2$F114187 $81 961 $aAcquisto: Casa editrice 996 $6020$a0-19-920112-9$9(OLS)http://semarc/number/142744 996 $6245$aThe Oxford Movement, July 1833 to December 1834$9(OLS)http://semarc/title/223761 996 $6260$aOxford :$bClarendon Press$9(OLS)http://semarc/publisher/30012 LEADER 01123nam a2200277 i 4500 001 000000114190 003 CaOOAMICUS 005 20030411000000.0 008 030411s1974 it u000 u ita u 013 $a86876 040 $aSeMil$bita 100 1 $aPoppi, Angelico <1928-2017>.$0(OLS)http://semarc/name/89177 245 13$aLe parole di Gesł in croce /$cAngelico Poppi. 260 $aPadova :$bMessaggero,$cstampa 1974. 300 $a126 p. ;$c19 cm. 490 0 $aConoscere il Vangelo ;$v1 500 $aFondo Card. C.M. Martini. 650 4$aBibbia. Nuovo Testamento. Vangeli - Passione di Gesł.$0(OLS)http://semarc/subject/2837 650 4$aGesł Cristo - Passione.$0(OLS)http://semarc/subject/2379 830 0$aConoscere il Vangelo [Messaggero] ;$v1.$0(OLS)http://semarc/title/7650 850 $aSeMil 852 $aSeMil$W1$xVenegono$y1$m2V I 90$j69779$B69779$CSeMilBibl$Z2$F85969 $81 941 1 $a4 961 $aOmaggio: Martini Card. Carlo Maria 996 $6245$aLe parole di Gesł in croce$9(OLS)http://semarc/title/166827 996 $6260$aPadova :$bMessaggero$9(OLS)http://semarc/publisher/29786